000 00662nam a2200229Ia 4500
003 OSt
005 20220928105030.0
006 a|||||r|||| 00| 0
007 ta
008 220927b |||||||| |||| 00| 0 eng d
024 _a141620
037 _cTextual
040 _aSDCL
_cSDCL
_beng
041 _2eng
_aeng
082 _aY:1.2'C, L7
100 _aKosambi Damodar Dharmanan
_9413383
245 0 _aPrachin Bharat ki sanskriti aur sabhayta
_b Ek atihasik rooprekha.
260 _aNew Delhi
_bRaj Kamal Prakashan
_c1977
300 _a324p.
_ccm.
942 _hY:1.2'C, L7
_cTEXL
_2CC
999 _c729160
_d729160